| 000 | 00504nam a22001697a 4500 | ||
|---|---|---|---|
| 020 | _a9788122420388 | ||
| 050 |
_aQD453.2 _b.S56 2009 |
||
| 100 | _a Singh, N. B., | ||
| 245 | _aPhysical chemistry | ||
| 250 | _a 2nd ed. | ||
| 260 |
_aNew Delhi : _bNew Age International (P) Limited Publishers, _c2007. |
||
| 300 | _aix, 591 p. : | ||
| 500 | _aill. ; 24 cm. | ||
| 650 |
_b Chemistry, Physical and theoretical. _v Book : _xEnglish : |
||
| 700 | _aProf.; Das, Shiva Saran; Singh, Ram Ji | ||
| 942 | _cGEN | ||
| 999 |
_c2080 _d2080 |
||